000 00340nam a2200133Ia 4500
008 240624s9999 xx 000 0 und d
041 _aeng
082 _a658.45 NAW
100 _aNAWAL MALLIKA
245 _aBUSINESS COMMUNICATION
260 _c2015
_aNew Delhi
_bCengage Learning
300 _axxi, : 511 : p. : cm. ; 26
365 _cRS
_b31
999 _c25142
_d25142